| 000 | 00355nam a22001457a 4500 | ||
|---|---|---|---|
| 003 | SGT | ||
| 020 | _a978-0-323-38967-9 | ||
| 082 |
_a616.89 _bV18H |
||
| 100 | _aHALTER, MARGARET J. | ||
| 245 | _aVARCAROLIS FOUNDATION OF PSYCHIATRIC MENTAL HEALTH NURSING | ||
| 250 | _a8TH | ||
| 260 |
_aMISSAURI _bELSEVIER _c2018 |
||
| 300 | _a665 | ||
| 942 |
_2ddc _cBK |
||
| 999 |
_c16636 _d16636 |
||